000 01085nam a2200265 a 4500
001 000016305
005 20260219105723.0
008 100303s1979 dr a 001 0 spa d
040 _aDO-SdBNP
_bspa
_cBNPHU
082 _a378.7293
_bK19t
100 1 _aKasse Acta, Rafael
_925885
245 1 0 _aTemas del movimiento renovador /
_cRafael Kasse Acta.
260 _aSanto Domingo :
_bUASD,
_c1979.
300 _a239 p. :
_bil., retrs. ;
_c22 cm.
490 1 _aPublicaciones de la Universidad Autónoma de Santo Domingo
_v275
490 1 _aEducación y sociedad
_v11
500 _aIncluye datos biográficos del autor en la contraportada
504 _aBibliografía: p. 237-239.
590 _aInventariado, 2018/MFF
650 4 _aUniversidades
_zRepública Dominicana
_xEnsayos, conferencias, etc.
_918822
650 0 _aEducación superior
_zRepública Dominicana
_9730
650 4 _aPolítica de educación superior
_919722
830 0 _aPublicaciones de la Universidad Autónoma de Santo Domingo
_v275
_pEducación y sociedad
_n11
_936398
910 _aValidado. Control de la calidad EMS.
999 _c15840
_d15840